| 000 | 00703nam a22002531 4500 | ||
|---|---|---|---|
| 001 | 2169135 | ||
| 003 | OSt | ||
| 005 | 20140310181644.0 | ||
| 008 | 711012s1966 nyua j 000 1 eng | ||
| 010 | _a 66013461 | ||
| 020 | _a0440411254 | ||
| 040 |
_aDLC _cDLC _dDLC |
||
| 050 | 0 | 0 |
_aPZ 7 _b.Al374 1966 |
| 082 |
_aKF A12c _b1966 |
||
| 100 | 1 |
_aAlexander, Lloyd. _94094 |
|
| 245 | 1 | 4 | _aThe castle of Llyr. |
| 250 | _a[1st ed.] | ||
| 260 |
_aNew York, _bHolt, Rinehart and Winston _c[1966] |
||
| 300 |
_a201 p. _billus. _c24 cm. |
||
| 541 | _j1 | ||
| 562 | _efor circulation. 1 copy available in the collection | ||
| 906 |
_a7 _bcbc _corignew _du _eocip _f19 _gy-gencatlg |
||
| 942 |
_2lcc _cBK-KF _kKF |
||
| 999 |
_c859 _d859 |
||